| 000 | 00937nmm a2200289 a 4500 | ||
|---|---|---|---|
| 001 | ocm000702086 | ||
| 003 | TR-IsHL | ||
| 005 | 20201028123400.0 | ||
| 008 | 130902s2012 tu tur | ||
| 007 | cr cn | ||
| 035 |
_a702086 _b(N$T) |
||
| 050 | 0 | 4 |
_aPQ2469.T9 _bD46 2012 |
| 090 | 0 | 4 |
_aPQ2469.T9 _bD46 2012 |
| 100 | 1 | _aVerne, Jules | |
| 245 | 1 | 0 |
_aDenizler altında yirmi bin fersah _h[electronic resource] / _cJules Verne ; editör Tuba Öztürk ; resimleyen Emel Alp |
| 250 | _a1. bs. | ||
| 260 |
_aİstanbul : _bBirleşik Yayın Grubu, _c2012 |
||
| 300 | _a80 p. | ||
| 650 | 4 | _aDil ve Edebiyat | |
| 650 | 4 | _aLanguage and Literature | |
| 650 | 0 | _aFransız romanı | |
| 650 | 0 | _aFrench fiction | |
| 650 | 7 |
_aLITERARY COLLECTIONS / European / French _2bisacsh |
|
| 700 | 1 | _aÖztürk, Tuba | |
| 700 | 1 | _aAk, Emel | |
| 856 | 4 | 0 | _uhttp://search.ebscohost.com/login.aspx?direct=true&scope=site&db=e011xww&AN=702086 |
| 999 |
_c2374 _d2374 |
||